The modern Chinese family /

Bibliographic Details
Main Author: Che, Wai-Kin
Format: Book
Language:English
Published: Palo Alto, Calif. : R & E Research Associates, 1979.
Subjects:

MARC

Tag First Indicator Second Indicator Subfields
LEADER 00000cam a2200000 a 4500
001 in00000069474
005 20151008053400.0
008 801009s1979 cau b 00010 engm
010 |a  77091415  
020 |a 0882475541 
035 |a (OCoLC)05247861 
035 |9 AAH7249AM 
040 |a DLC  |c DLC  |d TXA  |d UtOrBLW 
043 |a a-cc--- 
049 |a TXAM  |c [ 800191] 
050 0 0 |a HQ684  |b .A18 
082 0 |a 306.8/0951  |2 19 
100 1 |a Che, Wai-Kin. 
245 1 4 |a The modern Chinese family /  |c by Wai-Kin Che. 
264 1 |a Palo Alto, Calif. :  |b R & E Research Associates,  |c 1979. 
300 |a ix, 155 pages ;  |c 28 cm. 
336 |a text  |b txt  |2 rdacontent 
337 |a unmediated  |b n  |2 rdamedia 
338 |a volume  |b nc  |2 rdacarrier 
504 |a Includes bibliographies. 
650 0 |a Families  |z China. 
999 |a MARS 
999 f f |s 4ef543b4-c7e6-379a-bea6-cd1a33cb805f  |i a8b18ac4-4bf9-337b-ab4c-a9229a0e58e5  |t 0 
952 f f |p ric  |a Texas A&M University  |b Rellis Campus  |c Joint Library Facility  |d Remote Storage  |t 0  |e HQ684 .A18  |h Library of Congress classification  |i unmediated -- volume  |m A14806142077 
998 f f |a HQ684 .A18  |t 0  |l Remote Storage